00233pab a2200085 454500008003600000100001400036245005000050650003200100773001500132180718b xxu||||| |||| 00| 0 eng d aGeorge, J aAgricultural policy and mode of communication aAgricultural Policy - India aMainstream